000 00870 a2200265 4500
502 _aThèse de Doctorat
260 _aWageningen
653 1 _aAgronomie
100 _aVAN DER VEN, Cornelly
041 _bEn
260 _bUniversité de Wageningen
300 _a155 p.
245 _aBiochemical and functional characterisation of casein and whey protein hydrolyates : a study on the correlations between biochemical and functional properties using multivariate data analyses
650 _aCASEIN
650 _aWHEY PROPTEIN HYDROLYSATE
260 _c04 Juin 2002
300 _bIll., Couv. ill. ; 24 cm
130 _lEn
040 _aSupport
041 _bEn
653 1 _aNutrition et Sciences Alimentaires
100 _uAbomey-Calavi, Université d'Abomey-Calavi, Faculté des Sciences Agronomiques, Bj
020 _a90-5808-653-4
999 _c31854
_d31854